000 00349 a2200157 4500
001 154776
040 _cEscola São Tomás de Aquino
100 _aSCALDAFERRI, Dilma Célia
240 1 0 _aNas trilhas de Minas
_lpor
245 1 0 _aNas trilhas de Minas
300 _a192
362 0 _a2013
440 1 _aFTD
697 _aHISTÓRIA
942 _cBK
999 _c154776
_d154776